<?xml version="1.0" encoding="UTF-8"?>
<record
    xmlns:xsi="http://www.w3.org/2001/XMLSchema-instance"
    xsi:schemaLocation="http://www.loc.gov/MARC21/slim http://www.loc.gov/standards/marcxml/schema/MARC21slim.xsd"
    xmlns="http://www.loc.gov/MARC21/slim">

  <leader>02959nam a2200541Ia 4500</leader>
  <controlfield tag="001">7048</controlfield>
  <controlfield tag="008">241029s9999    xx            000 0 und d</controlfield>
  <datafield tag="010" ind1=" " ind2=" ">
    <subfield code="a">6669</subfield>
  </datafield>
  <datafield tag="041" ind1=" " ind2=" ">
    <subfield code="a">Espa&#xF1;ol</subfield>
  </datafield>
  <datafield tag="082" ind1=" " ind2=" ">
    <subfield code="a">NO APLICA</subfield>
  </datafield>
  <datafield tag="245" ind1=" " ind2="0">
    <subfield code="a">Impacto de la Planificaci&#xF3;n Estrat&#xE9;gica en la deserci&#xF3;n Estudiantil en la Facultad de Ciencias Econ&#xF3;micas para el Desarrollo Empresarial, de la Universidad Nacional Evang&#xE9;lica, Santo Domingo, D.N. a&#xF1;o 2017.</subfield>
  </datafield>
  <datafield tag="260" ind1=" " ind2=" ">
    <subfield code="a">Santo Domingo</subfield>
  </datafield>
  <datafield tag="300" ind1=" " ind2=" ">
    <subfield code="a">76</subfield>
  </datafield>
  <datafield tag="520" ind1=" " ind2=" ">
    <subfield code="a">67</subfield>
  </datafield>
  <datafield tag="630" ind1=" " ind2=" ">
    <subfield code="a">Deserci&#xF3;n Estudiantil</subfield>
  </datafield>
  <datafield tag="630" ind1=" " ind2=" ">
    <subfield code="a">Educaci&#xF3;n Superior</subfield>
  </datafield>
  <datafield tag="630" ind1=" " ind2=" ">
    <subfield code="a">Planificaci&#xF3;n Educativa</subfield>
  </datafield>
  <datafield tag="650" ind1=" " ind2=" ">
    <subfield code="a">Planificaci&#xF3;n Educativa</subfield>
  </datafield>
  <datafield tag="690" ind1=" " ind2=" ">
    <subfield code="a">Elaborado</subfield>
  </datafield>
  <datafield tag="700" ind1=" " ind2=" ">
    <subfield code="e">asesor</subfield>
    <subfield code="a">Ossers, Alfredo</subfield>
  </datafield>
  <datafield tag="700" ind1=" " ind2=" ">
    <subfield code="e">autor</subfield>
    <subfield code="a">Valentin Per&#xE9;z, Julio C&#xE9;sar</subfield>
  </datafield>
  <datafield tag="901" ind1=" " ind2=" ">
    <subfield code="a">{"1":"Valentin Per&#xE9;z"}</subfield>
    <subfield code="b">{"1":"Julio C&#xE9;sar"}</subfield>
  </datafield>
  <datafield tag="902" ind1=" " ind2=" ">
    <subfield code="a">1</subfield>
  </datafield>
  <datafield tag="903" ind1=" " ind2=" ">
    <subfield code="a">{"1":"Ossers"}</subfield>
    <subfield code="b">{"1":"Alfredo"}</subfield>
  </datafield>
  <datafield tag="904" ind1=" " ind2=" ">
    <subfield code="a">Mag&#xED;ster en</subfield>
  </datafield>
  <datafield tag="905" ind1=" " ind2=" ">
    <subfield code="a">Educaci&#xF3;n Superior</subfield>
  </datafield>
  <datafield tag="906" ind1=" " ind2=" ">
    <subfield code="a">1</subfield>
  </datafield>
  <datafield tag="907" ind1=" " ind2=" ">
    <subfield code="a">Menci&#xF3;n en</subfield>
  </datafield>
  <datafield tag="908" ind1=" " ind2=" ">
    <subfield code="a">Planeamiento Educativo</subfield>
  </datafield>
  <datafield tag="909" ind1=" " ind2=" ">
    <subfield code="a">Universidad Nacional Evang&#xE9;lica (UNEV), Recinto Santo Domingo</subfield>
  </datafield>
  <datafield tag="910" ind1=" " ind2=" ">
    <subfield code="a">NULL</subfield>
    <subfield code="b">NULL</subfield>
  </datafield>
  <datafield tag="911" ind1=" " ind2=" ">
    <subfield code="a">["1"]</subfield>
  </datafield>
  <datafield tag="912" ind1=" " ind2=" ">
    <subfield code="a">NO APLICA</subfield>
  </datafield>
  <datafield tag="913" ind1=" " ind2=" ">
    <subfield code="a">NULL</subfield>
  </datafield>
  <datafield tag="914" ind1=" " ind2=" ">
    <subfield code="a">01 de Abril de 2019</subfield>
  </datafield>
  <datafield tag="915" ind1=" " ind2=" ">
    <subfield code="a">17/11/19 02:11</subfield>
  </datafield>
  <datafield tag="916" ind1=" " ind2=" ">
    <subfield code="a">NULL</subfield>
  </datafield>
  <datafield tag="917" ind1=" " ind2=" ">
    <subfield code="a">NULL</subfield>
  </datafield>
  <datafield tag="918" ind1=" " ind2=" ">
    <subfield code="a">NO APLICA</subfield>
  </datafield>
  <datafield tag="919" ind1=" " ind2=" ">
    <subfield code="a">["64","83","161"]</subfield>
  </datafield>
  <datafield tag="520" ind1=" " ind2=" ">
    <subfield code="a">Este estudio tuvo como prop&#xF3;sito, analizar los factores que inciden en la Deserci&#xF3;n Universitaria. Caso Facultad de Ciencias Econ&#xF3;micas para el Desarrollo Empresarial de la Universidad Nacional Evang&#xE9;lica, Santo Domingo, Rep&#xFA;blica Dominicana. A&#xF1;o 2017.Esta investigaci&#xF3;n es descriptiva, realiz&#xE1;ndose an&#xE1;lisis de tipo cuantitativo y cualitativo, la poblaci&#xF3;n de la investigaci&#xF3;n est&#xE1; compuesta por un total de 86 estudiantes. Se realiz&#xF3; una entrevista a 6 personas: a la coordinadora de las Carreras de Administraci&#xF3;n y Mercadeo y al Coordinador de la Carrera de Contabilidad y cuatro miembros del consejo de facultad de FACEDE. Se tomo una muestra representativa de 70 estudiantes para medir cada uno de los individuos de la poblaci&#xF3;n.&#xA0;Se concluyo que se debe&#xA0; revisar el tarifario actual estipulado para la obtenci&#xF3;n de los diferentes servicios ofrecidos a los estudiantes, dada la condici&#xF3;n econ&#xF3;mica externada por la mayor&#xED;a, esta medida puede ayudar a evitar la deserci&#xF3;n estudiantil provocada por el factor econ&#xF3;mico.&#xA0;Se sugiri&#xF3;, implementar una planificaci&#xF3;n estrat&#xE9;gica porque se convierten en multiplicadores de situaciones de retenci&#xF3;n, y al no conocer la relevancia y el punto de origen de la misma las autoridades de nuestra universidad Nacional Evang&#xE9;lica pueden perder el enfoque, al crear e implantar una planificaci&#xF3;n estrat&#xE9;gica errada, b&#xE1;sicamente por falta de conocimiento.&#xA0;</subfield>
  </datafield>
  <datafield tag="921" ind1=" " ind2=" ">
    <subfield code="a">63</subfield>
  </datafield>
  <datafield tag="922" ind1=" " ind2=" ">
    <subfield code="a">63</subfield>
  </datafield>
  <datafield tag="923" ind1=" " ind2=" ">
    <subfield code="a">1</subfield>
  </datafield>
  <datafield tag="924" ind1=" " ind2=" ">
    <subfield code="a">20191115134020</subfield>
  </datafield>
  <datafield tag="942" ind1=" " ind2=" ">
    <subfield code="c">Tesis</subfield>
  </datafield>
  <datafield tag="999" ind1=" " ind2=" ">
    <subfield code="c">6669</subfield>
    <subfield code="d">6669</subfield>
  </datafield>
</record>
